Rings of planets - Statistics

General Stats
  • This quiz has been taken 13 times
  • The average score is 3 of 5
Answer Stats
Hint Answer % Correct
Earth Zero
100%
Jupiter Four
70%
Uranus Ten
70%
Neptune Five
40%
Saturn Seven
30%
No matching quizzes found
Score Distribution
Percent of People with Each Score
Percentile by Number Answered
Your Score History
You have not taken this quiz